| 000 | 03313nab a2200337 i 4500 | ||
|---|---|---|---|
| 003 | BR-BrBNA | ||
| 005 | 20230825111820.0 | ||
| 008 | 230612b2022 bl.ar|pooa||| 00| 0 por | | ||
| 040 |
_aBR-BrBNA _bpor |
||
| 072 | _aH20 | ||
| 072 | _aF70 | ||
| 072 | _aF40 | ||
| 100 | _aSantos, Cristiane Duarte dos | ||
| 100 | _aCandeias, Eliane Leal | ||
| 100 | _aSantos, Julielton Silva | ||
| 100 | _aSoares, Ana Cristina Fermino | ||
| 100 | _aCaiafa, Alessandra Nasser | ||
| 100 | _aBezerra, José Luiz | ||
| 245 | _aLevantamento de fungos poliporoides da caatinga e Mata Atlântica da Bahia | ||
| 500 | _aPublicação on-line; 39 ref.; 1 table; Summaries (En, Pt) | ||
| 520 | _a A Caatinga e a Mata Atlântica são dois biomas com uma elevada diversidade biológica, reunindo um expressivo número de táxons raros e endêmicos com importância ecológica, cultural e econômica. Quanto aos fungos poliporoides a Caatinga é menos explorada que a Mata Atlântica. A maioria dos trabalhos, até o presente estudo, sobre fungos poliporoides no Brasil foram realizados na Mata Atlântica. Oito coletas, quatro em cada bioma nos anos 2014/2015, foram realizadas, resultando em 196 espécimes coletadas, 161 táxons estudados e 61 espécies identificadas, distribuídas em oito famílias (Fomitopsidaceae, Ganodermataceae, Hymenochaetaceae, Meruliaceae, Mycenaceae, Polyporaceae, Schizophyllaceae e Steraceae), tendo o gênero Ganoderma P. Karst. o maior número de espécies nos dois biomas, com alta similaridade entre eles e uma maior diversidade e abundância no bioma Mata Atlântica. Palavras-chave: Basidiomicetos, Ganodermataceae, diversidade. | ||
| 520 | _aSurvey of polyporoid fungi from the Caatinga and Atlantic Forest of Bahia. The Caatinga and the Atlantic Forest are two biomes with a high biological diversity, bringing together an expressive number of rare and endemic individuals with ecological, cultural and economic importance. As for the polyporoid fungi the Caatinga is less explored than the Atlantic Forest. Most of the studies up to the present study on polyporoid fungi in Brazil were carried out in the Atlantic Forest. Eight collections were carried out, four in each biome in the years 2014/205. They yelded 196 specimens, 61 species, eight families (Fomitopsidaceae, Ganodermataceae, Hymenochaetaceae, Meruliacae, Mycenaceae, Polyporaceae, Schizophyllaceae and Stereaceae). The genus Ganoderma presented the highest number of species in both biomes, with high similarity between the biomes and greater diversity and abundance in the Atlantic Forest biome. Key words: Basidiomycetes, Ganodermataceae, diversity | ||
| 650 | _aBASIDIOMICETES | ||
| 650 | _aBIODIVERSIDADE | ||
| 650 | _aFUNGO | ||
| 773 | 0 |
_01823 _925162 _dItabuna-BA Comissão Executiva do Plano de Lavoura Cacaueira 1989 _o2023-435741 _tAgrotrópica (Brazil) _x0103-3816 _gv. 34(2) p. 139-146; (May-Aug 2022) _wBR2023000642 |
|
| 856 | _uhttps://www.gov.br/agricultura/pt-br/assuntos/ceplac/publicacoes/revista-agrotropica/artigos/2022/01033816.2022v34n2p139146.pdf | ||
| 856 | _uhttps://www.gov.br/agricultura/pt-br/assuntos/ceplac/publicacoes/revista-agrotropica/revista-volumes/2022/REVISTAAGROTRPICA34.22022.pdf | ||
| 942 | _cAnalítica | ||
| 999 |
_c9343 _d9343 |
||